[Event "SF Olfen 1 - SC Klein-Berlin Rheine 1"]
[Site "Regionalliga Münsterland 2018"]
[Date "2018.09.08"]
[Round "1.1"]
[White "Brümmer, Frank"]
[Black "Koke, Christoph"]
[Result "1/2-1/2"]
[WhiteElo "2160"]
[BlackElo "2078"]
[PlyCount "85"]
[EventDate "2018.??.??"]
[SourceDate "2018.09.09"]

1. d4 d5 2. Nf3 Nf6 3. e3 c6 4. Bd3 Bg4 5. b3 Nbd7 6. Bb2 e6 7. Nbd2 Be7 8. O-O
O-O 9. c4 Bh5 10. Qc2 Bg6 11. Bxg6 hxg6 12. e4 dxe4 13. Nxe4 Nxe4 14. Qxe4 Qa5
15. Rfe1 Bf6 16. g4 Rac8 17. h4 b5 18. g5 Bd8 19. c5 Re8 20. Kg2 Nf8 21. Rh1
Qc7 22. h5 Qd7 23. h6 gxh6 24. Rxh6 f5 25. Qh4 Qd5 26. Re1 Bc7 27. Re3 Kf7 28.
Rh8 Ke7 29. Qh6 Kd7 30. Kg1 Bf4 31. Ne5+ Kc7 32. Qg7+ Nd7 33. Rh7 Rcd8 34. Reh3
Bxg5 35. Bc3 Rg8 36. Ba5+ Kc8 37. Qf7 Rgf8 38. Qxg6 Nxe5 39. Qg7 Rf7 40. Qxe5
Qxe5 41. dxe5 Rxh7 42. Rxh7 Rd7 43. Rxd7 1/2-1/2

[Event "SF Olfen 1 - SC Klein-Berlin Rheine 1"]
[Site "Regionalliga Münsterland 2018"]
[Date "2018.09.08"]
[Round "1.2"]
[White "Bösel, Alexander"]
[Black "Henneberger, Sven"]
[Result "1/2-1/2"]
[WhiteElo "2031"]
[BlackElo "2049"]
[PlyCount "63"]
[EventDate "2018.??.??"]
[SourceDate "2018.09.09"]

1. e4 e6 2. d4 d5 3. Nd2 Nf6 4. e5 Nfd7 5. Bd3 c5 6. c3 Nc6 7. Ne2 cxd4 8. cxd4
f6 9. Nf4 Nxd4 10. Qh5+ Ke7 11. exf6+ Nxf6 12. Ng6+ hxg6 13. Qxh8 Kf7 14. O-O
e5 15. Nb3 Nxb3 16. axb3 Bf5 17. Bxf5 gxf5 18. Bg5 Bc5 19. Qh3 Kg6 20. Bh4 Qd6
21. Qg3+ Kf7 22. Qg5 Rh8 23. g4 fxg4 24. Bg3 Rh5 25. Qc1 Ne4 26. Kg2 Ng5 27. b4
Bb6 28. Qc8 Qe6 29. Qxb7+ Kg8 30. Rac1 d4 31. Qc8+ Kf7 32. Qb7+ 1/2-1/2

[Event "SF Olfen 1 - SC Klein-Berlin Rheine 1"]
[Site "Regionalliga Münsterland 2018"]
[Date "2018.09.08"]
[Round "1.3"]
[White "Ottens, Stephan"]
[Black "Beutelhoff, Josef"]
[Result "1-0"]
[WhiteElo "2064"]
[BlackElo "1940"]
[PlyCount "27"]
[EventDate "2018.??.??"]
[SourceDate "2018.09.09"]

1. e4 d6 2. d4 e5 3. Nf3 exd4 4. Nxd4 Nf6 5. Nc3 Nc6 6. Nxc6 bxc6 7. Bc4 g6 8.
O-O Bg7 9. e5 Ng4 10. e6 f5 11. h3 Nf6 12. Re1 Qe7 13. Qf3 Bb7 14. Ba6 1-0

[Event "SF Olfen 1 - SC Klein-Berlin Rheine 1"]
[Site "Regionalliga Münsterland 2018"]
[Date "2018.09.08"]
[Round "1.4"]
[White "Engelkamp, Stephan"]
[Black "Averkamp-Peters, Jens"]
[Result "0-1"]
[WhiteElo "1903"]
[BlackElo "1922"]
[PlyCount "74"]
[EventDate "2018.??.??"]
[SourceDate "2018.09.09"]

1. c4 d5 2. cxd5 Nf6 3. Nf3 c6 4. dxc6 Nxc6 5. Nc3 e5 6. d3 Bc5 7. a3 e4 8.
dxe4 Qxd1+ 9. Nxd1 Nxe4 10. e3 Bg4 11. Be2 Rd8 12. Nd2 Bf5 13. Nxe4 Bxe4 14.
O-O a5 15. Nc3 Bc2 16. Bb5 O-O 17. Bxc6 bxc6 18. Re1 f5 19. Nb1 Rd7 20. Nd2 a4
21. Nf3 Rfd8 22. Ne5 Rd1 23. Kf1 Bb6 24. Rxd1 Rxd1+ 25. Ke2 Ba5 26. b4 axb3 27.
Bb2 Rd2+ 28. Kf1 Be4 29. f3 Rxb2 30. fxe4 Bc3 31. Nc4 Rc2 32. Rd1 b2 33. Nxb2
Bxb2 34. exf5 Rc1 35. Rxc1 Bxc1 36. a4 Bxe3 37. Ke2 Bb6 0-1

[Event "SF Olfen 1 - SC Klein-Berlin Rheine 1"]
[Site "Regionalliga Münsterland 2018"]
[Date "2018.09.08"]
[Round "1.5"]
[White "Kornick, Ulrich"]
[Black "Pinno, Gregor"]
[Result "1/2-1/2"]
[WhiteElo "1939"]
[BlackElo "1813"]
[PlyCount "54"]
[EventDate "2018.??.??"]
[SourceDate "2018.09.09"]

1. d4 d5 2. Nf3 Nf6 3. c4 dxc4 4. Nc3 e6 5. e3 c5 6. Bxc4 a6 7. O-O b5 8. Bb3
Bb7 9. dxc5 Qxd1 10. Rxd1 Bxc5 11. a4 b4 12. Ne2 Nbd7 13. a5 O-O 14. Ba4 Rfd8
15. Ned4 Rac8 16. Bd2 Bf8 17. Nb3 Ne4 18. Be1 Ndc5 19. Nxc5 Nxc5 20. Rxd8 Rxd8
21. Bd1 Nd3 22. b3 Nxe1 23. Nxe1 Rd2 24. Bc2 Bd6 25. Rc1 Kf8 26. Nd3 Be4 27.
Nxb4 Bxb4 1/2-1/2

[Event "SF Olfen 1 - SC Klein-Berlin Rheine 1"]
[Site "Regionalliga Münsterland 2018"]
[Date "2018.09.08"]
[Round "1.6"]
[White "Preuß, Richard"]
[Black "Langhanke, Günther"]
[Result "0-1"]
[WhiteElo "1765"]
[BlackElo "1932"]
[PlyCount "54"]
[EventDate "2018.??.??"]
[SourceDate "2018.09.09"]

1. e4 c5 2. Nf3 Nc6 3. d4 cxd4 4. Nxd4 Qb6 5. Nxc6 dxc6 6. b3 Nf6 7. Bd3 Bg4 8.
f3 Bd7 9. Bb2 e6 10. Nd2 Bc5 11. Nc4 Qd8 12. Qd2 b5 13. Ne5 O-O 14. Qc3 Qe7 15.
Nxd7 Bb4 16. Nxf8 Bxc3+ 17. Bxc3 Kxf8 18. O-O-O a5 19. Be5 Nd7 20. Bg3 e5 21.
Rd2 a4 22. Bf2 Qa3+ 23. Kb1 Qb4 24. Rhd1 Qc3 25. a3 axb3 26. cxb3 Qxb3+ 27. Kc1
Rxa3 0-1

[Event "SF Olfen 1 - SC Klein-Berlin Rheine 1"]
[Site "Regionalliga Münsterland 2018"]
[Date "2018.09.08"]
[Round "1.7"]
[White "Brümmer, Andreas"]
[Black "Boenigk, Winfried"]
[Result "1/2-1/2"]
[WhiteElo "1906"]
[BlackElo "1765"]
[PlyCount "101"]
[EventDate "2018.??.??"]
[SourceDate "2018.09.09"]

1. Nf3 Nf6 2. b3 g6 3. Bb2 Bg7 4. c4 c5 5. g3 O-O 6. Bg2 Nc6 7. O-O d6 8. d4
cxd4 9. Nxd4 Bd7 10. Nc3 Nxd4 11. Qxd4 Bc6 12. Nd5 Ne8 13. Qd2 Bxb2 14. Qxb2 e6
15. Ne3 Bxg2 16. Kxg2 f5 17. Rad1 Qe7 18. Qd4 b6 19. f3 Rd8 20. a4 Nf6 21. Qc3
Qc7 22. Rd3 f4 23. Nc2 e5 24. Nb4 a5 25. Nd5 Nxd5 26. Rxd5 g5 27. Rfd1 Kf7 28.
Qd3 Ke6 29. e3 Qe7 30. exf4 gxf4 31. Rb5 Qb7 32. Rd5 Qc7 33. Qe4 Rd7 34. Re1
Rdf7 35. g4 Rb8 36. Red1 Rd8 37. Qd3 Rdd7 38. Kf2 Qd8 39. Kf1 Qc7 40. Ke2 Qd8
41. Rd2 Qc7 42. Kd1 Qd8 43. Kc2 Qc7 44. h4 Qc6 45. h5 Qc7 46. Kb2 Qd8 47. Ka3
Qc7 48. g5 Rf5 49. g6 hxg6 50. h6 Kf6 51. Rxd6+ 1/2-1/2

[Event "SF Olfen 1 - SC Klein-Berlin Rheine 1"]
[Site "Regionalliga Münsterland 2018"]
[Date "2018.09.08"]
[Round "1.8"]
[White "Steffens, Gerd"]
[Black "Hemmert, Michael"]
[Result "1/2-1/2"]
[WhiteElo "1818"]
[BlackElo "1787"]
[PlyCount "40"]
[EventDate "2018.??.??"]
[SourceDate "2018.09.09"]

1. e4 g6 2. f4 Bg7 3. Nf3 d6 4. Nc3 Nf6 5. d4 O-O 6. Bd3 c6 7. O-O b5 8. Ne2
Qb6 9. c3 Re8 10. h3 e5 11. fxe5 dxe5 12. Kh1 exd4 13. e5 Nd5 14. cxd4 Be6 15.
Nc3 Nd7 16. Be4 Nxc3 17. bxc3 Bc4 18. Bd3 Bxd3 19. Qxd3 f6 20. exf6 Bxf6
1/2-1/2

[Event "SC Steinfurt 1 - SC Gronau 1"]
[Site "Regionalliga Münsterland 2018"]
[Date "2018.09.08"]
[Round "1.1"]
[White "Monsma, Menno"]
[Black "Haselhorst, Helmut"]
[Result "1/2-1/2"]
[WhiteElo "2096"]
[BlackElo "2074"]
[PlyCount "93"]
[EventDate "2018.??.??"]
[SourceDate "2018.09.09"]

1. c4 Nf6 2. g3 g6 3. Bg2 Bg7 4. Nc3 O-O 5. e3 c5 6. Nge2 Nc6 7. O-O b6 8. a3
Bb7 9. d3 Rc8 10. Rb1 d6 11. b4 Qd7 12. b5 Nb8 13. e4 Rcd8 14. Rb3 Qc8 15. Bb2
Nbd7 16. Nf4 Rfe8 17. h3 Nf8 18. Qa1 N6d7 19. Rd1 Ne5 20. Nfd5 Ne6 21. Ne2 Nd7
22. Bxg7 Nxg7 23. Ne3 Nf8 24. Ng4 Nd7 25. Qc1 Nh5 26. Nh6+ Kf8 27. g4 Nhf6 28.
Qf4 Ne5 29. Qe3 Ng8 30. Nxg8 Kxg8 31. f4 Nd7 32. Ng3 e6 33. Qf2 Qc7 34. Re1 Ra8
35. Rbb1 a6 36. a4 axb5 37. axb5 Ra3 38. Re3 Rea8 39. Rbe1 Qd8 40. Ne2 R8a7 41.
h4 Qf6 42. g5 Qb2 43. h5 Ra1 44. Ng3 Qd4 45. Rxa1 Rxa1+ 46. Kh2 Rb1 47. Rf3
1/2-1/2

[Event "SC Steinfurt 1 - SC Gronau 1"]
[Site "Regionalliga Münsterland 2018"]
[Date "2018.09.08"]
[Round "1.2"]
[White "Rieke, Theo"]
[Black "Storck, Martin"]
[Result "1-0"]
[WhiteElo "1936"]
[BlackElo "1957"]
[PlyCount "91"]
[EventDate "2018.??.??"]
[SourceDate "2018.09.09"]

1. Nf3 Nf6 2. c4 c5 3. g3 Nc6 4. Bg2 g6 5. O-O Bg7 6. Nc3 O-O 7. d4 cxd4 8.
Nxd4 Nxd4 9. Qxd4 d6 10. Qd3 Rb8 11. Be3 a6 12. Ba7 Ra8 13. Bd4 e5 14. Be3 Bf5
15. Qd2 Qc7 16. b3 Rac8 17. Rac1 Qb8 18. Rfd1 Rfd8 19. Bb6 Rd7 20. Nd5 Be6 21.
Ba5 Bxd5 22. cxd5 Rxc1 23. Rxc1 b6 24. Bb4 Rc7 25. Rc6 Rxc6 26. dxc6 Bf8 27.
Qd3 a5 28. Bd2 Qc7 29. Qb5 Be7 30. b4 axb4 31. Bxb4 Kg7 32. a4 Bd8 33. Bd5 Ne8
34. e4 Nf6 35. f3 Ne8 36. Kf2 Nf6 37. Ke3 Ne8 38. Kd3 Qa7 39. Bb3 Qc7 40. Kc2
Nf6 41. Bd5 Ne8 42. Kb3 Nf6 43. Bc3 Ne8 44. Qa6 Kf8 45. Qb7 h6 46. a5 1-0

[Event "SC Steinfurt 1 - SC Gronau 1"]
[Site "Regionalliga Münsterland 2018"]
[Date "2018.09.08"]
[Round "1.3"]
[White "Langendijk, Andre"]
[Black "Grälken, Matthias"]
[Result "1-0"]
[WhiteElo "1929"]
[BlackElo "2023"]
[PlyCount "135"]
[EventDate "2018.??.??"]
[SourceDate "2018.09.09"]

1. c4 Nf6 2. Nf3 c5 3. g3 b6 4. Bg2 Bb7 5. Nc3 e6 6. O-O Be7 7. d4 cxd4 8. Nxd4
Bxg2 9. Kxg2 Qc8 10. Qd3 Nc6 11. f4 Nxd4 12. Qxd4 Qc6+ 13. e4 Rc8 14. b3 O-O
15. Bb2 Rfd8 16. Rad1 a6 17. a4 Bf8 18. Rf3 Bc5 19. Qd3 Bb4 20. e5 Bxc3 21.
Qxc3 Ne4 22. Qe3 Qb7 23. Kg1 b5 24. axb5 axb5 25. cxb5 Rc2 26. Bd4 Rdc8 27. Re1
f5 28. exf6 Nxf6 29. b6 Ra2 30. Rf2 Ng4 31. Qf3 Qxf3 32. Rxf3 Rcc2 33. Rf2 Nxf2
34. Bxf2 Rc8 35. Re4 Kf8 36. Ra4 Rxa4 37. bxa4 Ra8 38. Bc5+ Ke8 39. Bd6 Rxa4
40. b7 Ra1+ 41. Kg2 Rb1 42. b8=R+ Rxb8 43. Bxb8 Ke7 44. Be5 g6 45. Kf3 d6 46.
Bc3 Kf7 47. Ke4 Ke7 48. Bb4 Kd7 49. Kd4 Kc6 50. g4 Kd7 51. Kc4 Kc6 52. Ba5 h5
53. h3 hxg4 54. hxg4 Kd7 55. Bc3 Kc6 56. Bf6 Kc7 57. Kb5 Kb7 58. Bd4 Kc7 59.
Bb6+ Kd7 60. Ba5 e5 61. fxe5 dxe5 62. Kc5 Ke6 63. Bd8 e4 64. Kd4 e3 65. Kxe3
Ke5 66. Bc7+ Kf6 67. Kf4 g5+ 68. Ke4 1-0

[Event "SC Steinfurt 1 - SC Gronau 1"]
[Site "Regionalliga Münsterland 2018"]
[Date "2018.09.08"]
[Round "1.4"]
[White "Arning, Marcus"]
[Black "Hoge, Torsten"]
[Result "1-0"]
[WhiteElo "1910"]
[BlackElo "1922"]
[PlyCount "59"]
[EventDate "2018.??.??"]
[SourceDate "2018.09.09"]

1. e4 e6 2. d4 d5 3. e5 c5 4. c3 Nc6 5. Nf3 Qb6 6. Na3 cxd4 7. cxd4 Bd7 8. Nc2
Rc8 9. Bd3 f5 10. O-O g6 11. h4 h6 12. Be3 Na5 13. Qe2 Rh7 14. g4 Nc4 15. h5
Rg7 16. gxf5 exf5 17. Nh4 gxh5+ 18. Kh2 Rg4 19. Nxf5 Ne7 20. f3 Rg8 21. Nxe7
Bxe7 22. Rg1 Bg5 23. f4 Bg4 24. Rxg4 hxg4 25. fxg5 Nxe3 26. Nxe3 g3+ 27. Kg2
Rxg5 28. Rf1 a6 29. Nf5 Rb8 30. Nd6+ 1-0

[Event "SC Steinfurt 1 - SC Gronau 1"]
[Site "Regionalliga Münsterland 2018"]
[Date "2018.09.08"]
[Round "1.5"]
[White "Reckzügel, Philipp"]
[Black "Janning, Rainer"]
[Result "1-0"]
[WhiteElo "1941"]
[BlackElo "1876"]
[PlyCount "97"]
[EventDate "2018.??.??"]
[SourceDate "2018.09.09"]

1. d4 d5 2. c4 c6 3. e3 e6 4. Nf3 f5 5. Nc3 Nf6 6. Be2 Bd6 7. O-O O-O 8. b3 Ne4
9. Bb2 Nd7 10. Rc1 Qf6 11. Qc2 Qh6 12. Rfe1 g5 13. Nxe4 fxe4 14. Ne5 Qf6 15.
Ng4 Qg7 16. f3 h5 17. Nf2 exf3 18. gxf3 Nf6 19. Kh1 Kf7 20. Rg1 Qh6 21. Nd3 Ke7
22. Ne5 Rg8 23. Rcf1 Bd7 24. Bc1 Be8 25. e4 h4 26. exd5 cxd5 27. c5 Bxe5 28.
dxe5 Nh5 29. f4 g4 30. f5 Qh8 31. f6+ Kf7 32. Rxg4 Ng3+ 33. Kg2 Nxf1 34. Kxf1
Rxg4 35. Bxg4 Bb5+ 36. Ke1 h3 37. Qf2 Qh7 38. Qf3 Qh4+ 39. Kd1 Rg8 40. Bh5+ Rg6
41. Bxg6+ Kxg6 42. f7 Qd4+ 43. Kc2 Qxc5+ 44. Kb1 Bd3+ 45. Qxd3+ Kxf7 46. Qh7+
Ke8 47. Qxh3 Kd7 48. Qh7+ Kc6 49. Qc2 1-0

[Event "SC Steinfurt 1 - SC Gronau 1"]
[Site "Regionalliga Münsterland 2018"]
[Date "2018.09.08"]
[Round "1.6"]
[White "Schulz, Joachim"]
[Black "Klönne, Tim"]
[Result "1-0"]
[WhiteElo "1886"]
[BlackElo "1826"]
[PlyCount "87"]
[EventDate "2018.??.??"]
[SourceDate "2018.09.09"]

1. Nf3 Nf6 2. c4 e6 3. g3 d5 4. Bg2 Be7 5. O-O O-O 6. b3 Nbd7 7. Bb2 c5 8. cxd5
exd5 9. d4 b6 10. Nc3 Bb7 11. Rc1 Rc8 12. dxc5 Nxc5 13. Nd4 Nce4 14. Nf5 Nxc3
15. Rxc3 Rxc3 16. Bxc3 Bc5 17. Qa1 Bc8 18. Nd4 Ne4 19. b4 Nxc3 20. Qxc3 Be7 21.
Nc6 Bf6 22. Qd3 Qc7 23. Bxd5 Bb7 24. b5 Bxc6 25. bxc6 Rd8 26. Rc1 Be7 27. e4
Bc5 28. Qa6 Rb8 29. Kg2 Qe7 30. Rc3 Kh8 31. Rf3 f6 32. a4 Bd6 33. Rb3 Qc7 34.
Qe2 Re8 35. Qh5 g6 36. Qh4 Kg7 37. a5 h5 38. f4 Be7 39. axb6 axb6 40. Qh3 Rd8
41. Qe6 Bc5 42. e5 Qe7 43. exf6+ Qxf6 44. c7 1-0

[Event "SC Steinfurt 1 - SC Gronau 1"]
[Site "Regionalliga Münsterland 2018"]
[Date "2018.09.08"]
[Round "1.7"]
[White "Rothkegel, Jürgen"]
[Black "Wild, Helmut"]
[Result "1/2-1/2"]
[WhiteElo "1835"]
[BlackElo "1811"]
[PlyCount "105"]
[EventDate "2018.??.??"]
[SourceDate "2018.09.09"]

1. e4 c6 2. d4 d5 3. Nc3 dxe4 4. Nxe4 Bf5 5. Ng3 Bg6 6. Nf3 Nd7 7. h4 h6 8. h5
Bh7 9. Bd3 Bxd3 10. Qxd3 Qc7 11. Bd2 Ngf6 12. O-O-O e6 13. Ne4 Nxe4 14. Qxe4
Nf6 15. Qe2 O-O-O 16. g3 Bd6 17. Ne5 Rhf8 18. f4 c5 19. Nc4 Be7 20. dxc5 Qxc5
21. Be3 Rxd1+ 22. Rxd1 Qxh5 23. Qxh5 Nxh5 24. Bxa7 Rd8 25. Rxd8+ Kxd8 26. Bb6+
Kc8 27. Bf2 g5 28. fxg5 hxg5 29. a4 f5 30. Kd2 g4 31. c3 Kc7 32. b4 Bg5+ 33.
Kd3 Bf6 34. a5 Kc6 35. Na3 Be5 36. b5+ Kc7 37. Nc4 Bxg3 38. Bxg3+ Nxg3 39. Ne5
Ne4 40. c4 Nc5+ 41. Kc3 g3 42. Kd4 g2 43. Nf3 Nb3+ 44. Ke5 Kd7 45. a6 bxa6 46.
bxa6 Na5 47. c5 Nc6+ 48. Kf4 Kc7 49. Kg3 Kb8 50. Kxg2 Ka7 51. Kg3 Kxa6 52. Kf4
Kb5 53. Ng5 1/2-1/2

[Event "SC Steinfurt 1 - SC Gronau 1"]
[Site "Regionalliga Münsterland 2018"]
[Date "2018.09.08"]
[Round "1.8"]
[White "Raue, Thorsten"]
[Black "Sprenger, Franz"]
[Result "1-0"]
[WhiteElo "1792"]
[BlackElo "1685"]
[PlyCount "75"]
[EventDate "2018.??.??"]
[SourceDate "2018.09.09"]

1. b4 e5 2. Bb2 d6 3. e3 Be7 4. Nf3 Nf6 5. Be2 h6 6. O-O Bf5 7. d4 e4 8. Nfd2
d5 9. b5 O-O 10. c4 c6 11. a4 Nbd7 12. Nc3 Rc8 13. Qb3 Be6 14. Rfc1 Re8 15. a5
Nf8 16. a6 b6 17. bxc6 Bd6 18. cxd5 Nxd5 19. Nxd5 Bxd5 20. Bc4 Bxc4 21. Rxc4
Qg5 22. g3 Ng6 23. Ba3 Bc7 24. Rb1 Nh4 25. Qb5 Qg6 26. Rcc1 Nf3+ 27. Nxf3 exf3
28. d5 Re5 29. Rd1 Rh5 30. Qc4 Rh3 31. d6 Qh5 32. Qd5 g5 33. Rd4 Rxh2 34. Rh4
Rxh4 35. gxh4 Qg4+ 36. Kf1 Qg2+ 37. Ke1 Re8 38. Qd3 1-0

[Event "SK Münster 3 - SK Münster 2"]
[Site "Regionalliga Münsterland 2018"]
[Date "2018.09.08"]
[Round "1.1"]
[White "Wieder, Heiner"]
[Black "Quante, Lennart"]
[Result "0-1"]
[WhiteElo "2089"]
[BlackElo "2074"]
[PlyCount "134"]
[EventDate "2018.??.??"]
[SourceDate "2018.09.09"]

1. e4 e5 2. Nf3 Nc6 3. Bb5 a6 4. Bxc6 dxc6 5. O-O Bg4 6. h3 h5 7. d3 Qf6 8.
Nbd2 g5 9. b3 Qg7 10. Nc4 f6 11. d4 Bd7 12. dxe5 g4 13. exf6 Nxf6 14. Bb2 gxh3
15. Nh4 Qg5 16. Qf3 Be7 17. e5 Nd5 18. e6 Bxe6 19. Bxh8 Qxh4 20. Qg3 hxg2 21.
Kxg2 Nf4+ 22. Kf3 Bd5+ 23. Ke3 Ng2+ 24. Kd3 Nf4+ 25. Ke3 Ng2+ 26. Kd3 Bxc4+ 27.
bxc4 O-O-O+ 28. Kc3 Qe4 29. Be5 b5 30. Rad1 Qxc4+ 31. Kb2 Rg8 32. Qh3+ Kb7 33.
Qd7 Qb4+ 34. Ka1 Rc8 35. Rd3 Nf4 36. c3 Qc4 37. Bxf4 Bd6 38. Rxd6 Qxf1+ 39. Rd1
Qxf2 40. Be5 Qe2 41. Qd4 Re8 42. Bf6 Re6 43. Rg1 Rd6 44. Qe5 Qf2 45. Rc1 Rxf6
46. Qxh5 Rd6 47. Qh7 Rd2 48. Qb1 Qf4 49. Rc2 Rxc2 50. Qxc2 Qc4 51. a3 a5 52.
Qb2 Qd5 53. Qc2 c5 54. Kb2 b4 55. c4 Qf3 56. axb4 cxb4 57. Qa4 Qe2+ 58. Kb1
Qf1+ 59. Kb2 Qxc4 60. Qxa5 Qc3+ 61. Kb1 Qb3+ 62. Ka1 Qa3+ 63. Qxa3 bxa3 64. Ka2
Kc6 65. Kxa3 Kd5 66. Kb3 Kd4 67. Kc2 Kc4 0-1

[Event "SK Münster 3 - SK Münster 2"]
[Site "Regionalliga Münsterland 2018"]
[Date "2018.09.08"]
[Round "1.2"]
[White "Borrink, Jörn"]
[Black "Baumann, Stephan"]
[Result "1/2-1/2"]
[WhiteElo "2119"]
[BlackElo "2034"]
[PlyCount "52"]
[EventDate "2018.??.??"]
[SourceDate "2018.09.09"]

1. e4 e5 2. Nf3 Nc6 3. Bc4 Nf6 4. d3 Be7 5. O-O O-O 6. c3 d5 7. exd5 Nxd5 8.
Re1 Bg4 9. h3 Bh5 10. Nbd2 Kh8 11. Nf1 Nb6 12. Ng3 Bxf3 13. Qxf3 Nxc4 14. dxc4
f5 15. Qd5 Qe8 16. Nf1 Qg6 17. c5 Rad8 18. Qc4 f4 19. b4 Rd3 20. Qe4 Qxe4 21.
Rxe4 Bf6 22. Bb2 Ne7 23. Rae1 Nd5 24. c4 Nc3 25. Bxc3 Rxc3 26. Nd2 a5 1/2-1/2

[Event "SK Münster 3 - SK Münster 2"]
[Site "Regionalliga Münsterland 2018"]
[Date "2018.09.08"]
[Round "1.3"]
[White "Müschenich, Stefan"]
[Black "Virnyi, Julius"]
[Result "1/2-1/2"]
[WhiteElo "2077"]
[BlackElo "2039"]
[PlyCount "27"]
[EventDate "2018.??.??"]
[SourceDate "2018.09.09"]

1. e4 c5 2. c4 Nc6 3. Nc3 g6 4. g3 Bg7 5. Bg2 Nf6 6. Nge2 O-O 7. O-O d6 8. d3
Rb8 9. h3 a6 10. f4 Nd7 11. Be3 Nd4 12. Qd2 b5 13. Rae1 Qa5 14. b3 1/2-1/2

[Event "SK Münster 3 - SK Münster 2"]
[Site "Regionalliga Münsterland 2018"]
[Date "2018.09.08"]
[Round "1.4"]
[White "Kubo, Thomas"]
[Black "Kaufhold, Thomas"]
[Result "1/2-1/2"]
[WhiteElo "1990"]
[BlackElo "2040"]
[PlyCount "96"]
[EventDate "2018.??.??"]
[SourceDate "2018.09.09"]

1. Nf3 Nf6 2. c4 g6 3. Nc3 Bg7 4. g3 O-O 5. Bg2 d6 6. d4 c6 7. O-O Nbd7 8. Qc2
Qc7 9. Rd1 e5 10. e4 a5 11. h3 b6 12. Be3 Ba6 13. b3 Rac8 14. Rac1 Rfe8 15. a4
Bf8 16. Kh2 Bb7 17. d5 c5 18. Rf1 Kg7 19. Rce1 Be7 20. Nd2 Rh8 21. f4 h5 22.
Nf3 Ng4+ 23. hxg4 hxg4+ 24. Nh4 exf4 25. Rxf4 Bg5 26. Nb5 Qd8 27. Nxd6 Bxh4 28.
gxh4 Qxh4+ 29. Kg1 Qxe1+ 30. Rf1 Qxe3+ 31. Qf2 Qxf2+ 32. Rxf2 Rc7 33. Rxf7+ Kg8
34. Re7 Rh7 35. Re8+ Kg7 36. Nb5 Rc8 37. Re6 Rf8 38. e5 Kg8 39. Be4 Rh5 40.
Rxg6+ Kh8 41. e6 Nf6 42. e7 Re8 43. Rxf6 Rxe7 44. Nd6 Rhe5 45. Rh6+ Kg8 46.
Rg6+ Rg7 47. Rf6 Rd7 48. Rg6+ Rg7 1/2-1/2

[Event "SK Münster 3 - SK Münster 2"]
[Site "Regionalliga Münsterland 2018"]
[Date "2018.09.08"]
[Round "1.5"]
[White "Meyer, Ulrich"]
[Black "Austrup, David"]
[Result "1/2-1/2"]
[WhiteElo "1925"]
[BlackElo "1952"]
[PlyCount "180"]
[EventDate "2018.??.??"]
[SourceDate "2018.09.09"]

1. d4 Nf6 2. Bg5 d5 3. Bxf6 gxf6 4. e3 c5 5. c3 Nc6 6. Nd2 e5 7. dxc5 Bxc5 8.
Bd3 Be6 9. Qa4 a6 10. Ne2 b5 11. Qh4 f5 12. Qh5 Qf6 13. b4 Be7 14. a4 Rb8 15.
axb5 axb5 16. Ra6 Kd7 17. O-O Qg6 18. Qxg6 hxg6 19. f4 f6 20. Bc2 Rb7 21. Nb3
Rc8 22. Rd1 Nxb4 23. cxb4 Rxc2 24. Ned4 exd4 25. Nxd4 Rc4 26. Nxe6 Bxb4 27.
Rxd5+ Ke7 28. Nd4 Rc5 29. Nc6+ Rxc6 30. Rxc6 Ba3 31. Ra6 b4 32. Rd3 Bb2 33. Rb3
Bc3 34. Rc6 Rd7 35. Kf2 Rd2+ 36. Kf3 Rd1 37. Rbxc3 bxc3 38. Rxc3 Rd7 39. h4 Kf7
40. Rc5 Rb7 41. g3 Re7 42. h5 Kg7 43. Ke2 Kh6 44. Kf3 Kg7 45. Ke2 Kh6 46. hxg6
Kxg6 47. Kf3 Re8 48. Rc1 Re7 49. Rg1 Ra7 50. g4 fxg4+ 51. Rxg4+ Kf5 52. e4+ Ke6
53. Rg8 Kf7 54. Rb8 Rc7 55. Kg4 Ra7 56. Rb6 Ra5 57. Rb7+ Kf8 58. f5 Ra1 59. Rb6
Kf7 60. Rb7+ Kf8 61. Kf4 Ra5 62. Ke3 Ke8 63. Kd4 Kf8 64. Rc7 Re5 65. Rb7 Ke8
66. Ke3 Kf8 67. Kf4 Ra5 68. Kg4 Ra1 69. Rb6 Kf7 70. Re6 Ra5 71. Rb6 Ra1 72.
Rb7+ Kf8 73. Rb3 Kf7 74. Rg3 Ra4 75. Kf4 Ra5 76. Rd3 Rb5 77. Rd5 Rb4 78. Ke3
Ra4 79. Rc5 Rb4 80. Kd3 Ra4 81. Rc4 Ra5 82. Kd4 Re5 83. Rc5 Re7 84. Rd5 Kf8 85.
Rd6 Kf7 86. Rd8 Re5 87. Kd3 Ra5 88. Rd5 Ra4 89. Rc5 Rb4 90. Rc4 Rb5 1/2-1/2

[Event "SK Münster 3 - SK Münster 2"]
[Site "Regionalliga Münsterland 2018"]
[Date "2018.09.08"]
[Round "1.6"]
[White "Hartmann, Steffen"]
[Black "Peters, Helmut"]
[Result "1-0"]
[WhiteElo "1923"]
[BlackElo "1955"]
[PlyCount "57"]
[EventDate "2018.??.??"]
[SourceDate "2018.09.09"]

1. e4 c5 2. Nf3 d6 3. Bb5+ Bd7 4. Bxd7+ Qxd7 5. O-O Nc6 6. c3 Nf6 7. Qe2 e6 8.
d4 cxd4 9. cxd4 d5 10. e5 Ne4 11. Nbd2 Nxd2 12. Bxd2 Be7 13. Rac1 O-O 14. Rc2
f6 15. exf6 Bxf6 16. Bc3 Rfe8 17. Re1 a6 18. Qd3 Qd6 19. Rce2 b5 20. Bd2 g6 21.
h4 Rac8 22. h5 Kg7 23. Qe3 Qf8 24. hxg6 hxg6 25. Qh6+ Kf7 26. Qf4 Kg8 27. Rxe6
Rxe6 28. Rxe6 Kg7 29. Qh6+ 1-0

[Event "SK Münster 3 - SK Münster 2"]
[Site "Regionalliga Münsterland 2018"]
[Date "2018.09.08"]
[Round "1.7"]
[White "Ollech, Dirk"]
[Black "Kamp, Aaron"]
[Result "1/2-1/2"]
[WhiteElo "1905"]
[BlackElo "1768"]
[PlyCount "92"]
[EventDate "2018.??.??"]
[SourceDate "2018.09.09"]

1. Nf3 Nf6 2. g3 c6 3. c4 g6 4. b3 Bg7 5. Bb2 O-O 6. Bg2 d5 7. d3 Nbd7 8. Nbd2
Ng4 9. Qc2 e6 10. O-O Qe7 11. e4 dxe4 12. Nxe4 Ngf6 13. d4 Nxe4 14. Qxe4 f5 15.
Qe2 Bf6 16. Rfe1 Nb6 17. a4 a5 18. Ba3 Qg7 19. Bxf8 Qxf8 20. Rad1 Bd7 21. Ne5
Be8 22. Qe3 Nd7 23. Nxd7 Bxd7 24. Qd3 Qg7 25. d5 Rd8 26. dxe6 Bxe6 27. Qe3 Bf7
28. Rxd8+ Bxd8 29. Qe5 Qf8 30. Qb8 Bb6 31. Qxf8+ Kxf8 32. Kf1 Bc5 33. Re5 Bb4
34. Ke2 Be8 35. Kd3 Kf7 36. f4 Bd7 37. Bf3 Kf6 38. h3 h6 39. Re2 h5 40. Rg2 Bc5
41. Re2 b6 42. Rg2 Bd6 43. Ke3 Bc5+ 44. Kd3 Bd6 45. Bd1 Be6 46. Bf3 Bd7 1/2-1/2

[Event "SK Münster 3 - SK Münster 2"]
[Site "Regionalliga Münsterland 2018"]
[Date "2018.09.08"]
[Round "1.8"]
[White "Kamp, Adrian"]
[Black "Emunds, Hans Georg"]
[Result "0-1"]
[WhiteElo "1799"]
[BlackElo "2087"]
[PlyCount "72"]
[EventDate "2018.??.??"]
[SourceDate "2018.09.09"]

1. e4 c5 2. d4 cxd4 3. c3 dxc3 4. Nxc3 Nc6 5. Nf3 d6 6. Bc4 a6 7. O-O Nf6 8. e5
dxe5 9. Qxd8+ Nxd8 10. Nxe5 e6 11. Rd1 Be7 12. Bg5 Nd7 13. Bf4 Nxe5 14. Bxe5 b5
15. Nxb5 axb5 16. Bxg7 bxc4 17. Bxh8 f6 18. Bg7 Bb7 19. Rac1 Bd5 20. b3 cxb3
21. axb3 Bxb3 22. Rd3 Bd5 23. h3 Nf7 24. Rdc3 Nd6 25. Bh6 Nf5 26. Be3 Nxe3 27.
Rxe3 Bd6 28. Rec3 Kd7 29. R3c2 Rg8 30. g3 h5 31. Kh2 f5 32. f4 h4 33. Rc3 hxg3+
34. Kg1 Bxf4 35. Ra1 Rh8 36. Ra7+ Kd6 0-1

[Event "SG Ahaus-Wessum 1 - SK Bocholt 1"]
[Site "Regionalliga Münsterland 2018"]
[Date "2018.09.08"]
[Round "1.2"]
[White "Wensing, Maximilian"]
[Black "Hunhoff, Sebastian"]
[Result "1/2-1/2"]
[WhiteElo "1979"]
[BlackElo "1936"]
[PlyCount "28"]
[EventDate "2018.??.??"]
[SourceDate "2018.09.09"]

1. e4 e6 2. d4 d5 3. Nd2 Be7 4. Ngf3 Nf6 5. Bd3 dxe4 6. Nxe4 Nbd7 7. Ng3 c6 8.
O-O b6 9. Re1 Bb7 10. Qe2 h6 11. Nh4 O-O 12. Ng6 Re8 13. Nxe7+ Qxe7 14. c4 Qd6
1/2-1/2